000 01130nam a2200265 a 4500
001 79252
003 BD-RjUL
005 20220125131557.0
008 220125r20201979bg ||||| |||| 00| 0 ben d
020 _a9789840760046
_c:Tk.180.00
035 _a(BD-RjUL)79252
040 _aBD-RjUL
_beng
_cBD-RjUL
041 _aben
082 _223
_a891.441
_bSHI 2021
245 _aশেখ মুজিব একটি লাল গোলাপ /
_cসম্পাদক মিনার মনসুর, দিলওয়ার চৌধুরী
260 _aঢাকা :
_bবাংলা একাডেমি,
_c১৯৭৯ [পরিমার্জিত প্রকাশ ২০২০]
300 _a১২৮ পৃ.;
_c২৩ সেমি.
600 _aমুজিবুর রহমান,
_cশেখ,
_d১৯২০-১৯৭৫
600 _a Mujibur Rahman,
_cSheikh,
_d1920-1975
_9891
650 _aবাংলা কবিতা
_9320
650 _aBengali poetry
_9321
700 _aমনসুর, মিনার
_9375
700 _aচৌধুরী, দিলওয়ার
_9885
942 _2ddc
_cBK
999 _c79252
_d79252